Can you name every player selected in the 1999 NFL Draft? - Statistics

General Stats
  • This quiz has been taken 5 times
  • The average score is 15 of 253
Answer Stats
Round Pick Team College Position Player % Correct
1 1 Cleveland Browns Kentucky QB Tim Couch
100%
4 109 Pittsburgh Steelers Northern Colorado DE Aaron Smith
67%
1 3 Cincinnati Bengals Oregon QB Akili Smith
67%
5 165 Washington Redskins Virginia Tech OT Derek Smith
67%
1 2 Philadelphia Eagles Syracuse QB Donovan McNabb
67%
7 210 Indianapolis Colts Notre Dame PT Hunter Smith
67%
2 56 Jacksonville Jaguars Florida State DT Larry Smith
67%
3 76 Cleveland Browns California SS Marquis Smith
67%
1 5 New Orleans Saints Texas RB Ricky Williams
67%
7 252 St. Louis Rams Georgia Tech PT Rodney Williams
67%
1 6 St. Louis Rams North Carolina State WR Torry Holt
67%
6 201 Philadelphia Eagles East Carolina WR Troy Smith
67%
4 131 Green Bay Packers Virginia QB Aaron Brooks
33%
1 31 Denver Broncos Tennessee LB Al Wilson
33%
5 142 Miami Dolphins Oregon State LB Bryan Jones
33%
1 7 Washington Redkins Georgia CB Champ Bailey
33%
5 169 Minnesota Vikings Clemson FS Chris Jones
33%
7 246 Jacksonville Jaguars Southern DE Chris White
33%
5 167 Denver Broncos Texas Tech CB Darwin Brown
33%
1 4 Indianapolis Colts Miami (FL) RB Edgerrin James
33%
2 39 Miami Dolphins Mississippi State RB James Johnson
33%
5 162 New York Jets Northwestern State CB Jermaine Jones
33%
3 82 Seattle Seahawks Auburn WR Karsten Bailey
33%
2 46 New England Patriots LSU RB Kevin Faulk
33%
2 32 Cleveland Browns Syracuse WR Kevin Johnson
33%
7 228 Pittsburgh Steelers Nebraska PK Kris Brown
33%
5 166 Pittsburgh Steelers Notre Dame WR Malcolm Johnson
33%
4 130 Philadelphia Eagles North Carolina WR Na Brown
33%
5 155 Arizona Cardinals Miami (OH) FS Paris Johnson Sr.
33%
7 251 Philadelphia Eagles Alabama-Birmingham DT Pernell Davis
33%
2 57 New York Jets Mississippi State OG Randy Thomas
33%
2 48 Chicago Bears North Carolina DT Russell Davis
33%
6 170 Seattle Seahawks Tennessee CB Steve Johnson
33%
1 27 Detroit Lions Wisconsin OT Aaron Gibson
0%
5 139 San Diego Chargers Clemson DE Adrian Dingle
0%
3 95 Pittsburgh Steelers West Virginia RB Amos Zeroue
0%
4 115 Seattle Seahawks Georgia DE Andre Cochran
0%
6 205 New York Giants Michigan CB Andrew Weathers
0%
1 28 New England Patriots Ohio State LB Andy Katzenmoyer
0%
3 88 Jacksonville Jaguars Colorado State OG Anthony Cesario
0%
1 15 Tampa Bay Buccaneers LSU DT Anthony McFarland
0%
4 99 San Francisco 49ers Weber State CB Anthony Parker
0%
7 216 Baltimore Ravens Virginia SS Anthony Poindexter
0%
6 199 Minnesota Vikings Hampton LB Antico Dalton
0%
1 23 Buffalo Bills Ohio State CB Antoine Winfield
0%
7 214 Pittsburgh Steelers Virginia DT Antonio Dingle
0%
1 25 Green Bay Packers Clemson FS Antuan Edwards
0%
6 194 Buffalo Bills Oregon State SS Armon Hatcher
0%
7 233 Tampa Bay Buccaneers Notre Dame RB Autry Denson
0%
2 35 Philadelphia Eagles Northwestern LB Barry Gardner
0%
7 218 Denver Broncos USC TE Billy Miller
0%
4 122 Buffalo Bills North Alabama TE Bobby Collins
0%
5 138 Indianapolis Colts Penn State DE Brad Scioli
0%
4 114 Tennessee Titans Auburn SS Brad Ware
0%
3 63 Indianapolis Colts Arkansas OG Brandon Burlsworth
0%
4 105 Baltimore Ravens Southwestern Louisiana WR Brandon Stokley
0%
6 192 Miami Dolphins Ohio State PT Brent Bartholomew
0%
3 77 Seattle Seahawks Washington QB Brock Huard
0%
7 248 Buffalo Bills Air Force DE Bryce Fisher
0%
1 12 Chicago Bears UCLA QB Cade McNown
0%
5 145 St. Louis Rams Texas A&M OG Cameron Spikes
0%
5 134 Miami Dolphins McNeese State RB Cecil Collins
0%
6 172 Philadelphia Eagles Wisconsin FB Cecil Martin
0%
7 219 Pittsburgh Steelers Nebraska LB Chad Kelsay
0%
6 204 Denver Broncos Cincinnati WR Chad Plummer
0%
2 33 Cincinnati Bengals West Virginia CB Charles Fisher
0%
5 152 Seattle Seahawks Georgia Tech RB Charlie Rogers
0%
3 89 San Francisco 49ers Purdue DE Chike Okeafor
0%
7 212 Green Bay Packers Arkansas Pine-Bluff FS Chris Atkins
0%
1 9 Detroit Lions USC LB Chris Claiborne
0%
7 239 Arizona Cardinals NW Missouri State QB Chris Greisen
0%
1 10 Baltimore Ravens Arizona CB Chris McAlister
0%
2 34 Carolina Panthers Georgia OT Chris Terry
0%
3 67 Denver Broncos Eastern Illinois CB Chris Watson
0%
3 94 Green Bay Packers Kentucky State DT Cletidus Hunt
0%
6 190 Arizona Cardinals Southern Methodist CB Coby Rhinehart
0%
3 65 Cincinnati Bengals Fresno State FS Corey Hall
0%
7 250 Indianapolis Colts Tennessee LB Corey Perry
0%
5 163 Green Bay Packers Missouri OG Craig Heimburger
0%
6 177 Detroit Lions Wisconsin-Stevens Point LB Craig Kriewaldt
0%
4 98 Cincinnati Bengals Kentucky WR Craig Yeast
0%
4 102 Oakland Raiders Calfornia WR Dameane Douglas
0%
1 17 New England Patriots Boston College OC Damien Woody
0%
4 128 Philadelphia Eagles Ohio State SS Damon Moore
0%
3 79 New York Giants Texas A&M TE Dan Campbell
0%
6 188 Oakland Raiders LSU DT Daren Yancey
0%
7 240 Tampa Bay Buccaneers Kansas State WR Darnell McDonald
0%
6 186 Tennessee Titans Coolorado State WR Darran Hall
0%
5 148 Cleveland Browns Colorado WR Darren Chiaverini
0%
3 85 Dallas Cowboys Texas A&M LB Dat Nguyen
0%
1 11 Minnesota Vikings UCF QB Daunte Culpepper
0%
1 8 Arizona Cardinals Ohio State WR David Boston
0%
5 158 Denver Broncos Western Illinois DE David Bowens
0%
3 90 New York Jets San Jose State OG David Loverne
0%
3 62 Cleveland Browns USC CB Daylon McCutcheon
0%
6 196 Green Bay Packers Ohio State WR Dee Miller
0%
5 159 Green Bay Packers Oklahoma RB De'mond Parker
0%
6 206 Arizona Cardinals Mississippi State FB Dennis McKinley
0%
7 242 Jacksonville Jaguars Washington State CB Derek Moronkola
0%
5 154 New England Patriots Baylor OG Derrick Fletcher
0%
6 179 Denver Broncos Wake Forest TE Desmond Clark
0%
4 113 Tampa Bay Buccaneers Florida State SS Dexter Jackson
0%
1 29 Minnesota Vikings Minnesota State DE Dimitrius Underwood
0%
7 249 Cincinnati Bengals Clemson DT Donald Broomfield
0%
7 213 Green Bay Packers Alcorn State WR Donald Driver
0%
4 117 Tennessee Titans Southern Methodist CB Donald Mitchell
0%
3 64 Philadelphia Eagles Boston College OG Doug Brzezinski
0%
2 41 St. Louis Rams North Carolina CB Dre' Bly
0%
3 71 Chicago Bears Northwestern WR D'Wayne Bates
0%
1 20 Dallas Cowboys North Carolina DE Ebenezer Ekuban
0%
4 129 Baltimore Ravens Arizona OG Edwin Mulitalo
0%
6 182 Jacksonville Jaguars Georgia DT Emarlos Leroy
0%
5 146 Oakland Raiders Maryland LB Eric Barton
0%
7 220 Kansas City Chiefs Richmond OG Eric King
0%
6 200 Atlanta Falcons Iowa FS Eric Thipgen
0%
5 164 Atlanta Falcons Kent State WR Eugene Baker
0%
1 26 Jacksonville Jaguars Alabama CB Fernando Bryant
0%
5 140 Seattle Seahawks Penn State OG Floyd Wedderburn
0%
2 47 Green Bay Packers Vanderbilt CB Fred Vinson
0%
3 75 Kansas City Chiefs West Virginia DE Gary Stills
0%
3 72 Miami Dolphins Arizona State OC Grey Ruegamer
0%
4 100 Carolina Panthers Colorado LB Hannibal Navies
0%
6 191 Cleveland Browns Tarleton State LS James Dearth
0%
3 70 Detroit Lions Iowa DE Jared DeVries
0%
5 160 Jacksonville Jaguars Colorado State CB Jason Craft
0%
4 104 San Diego Chargers North Carolina State FS Jason Perry
0%
4 123 New York Giants Nebraska DT Jason Wiltz
0%
5 156 Buffalo Bills Nebraska LB Jay Foreman
0%
4 125 Minnesota Vikings Texas OT Jay Humphrey
0%
7 208 Philadelphia Eagles Oregon TE Jed Weaver
0%
6 181 Washington Redskins Tennessee PK Jeff Hall
0%
6 198 Atlanta Falcons Kansas State LB Jeff Kelly
0%
3 92 Atlanta Falcons Arizona State FB Jeff Paulk
0%
5 136 Pittsburgh Steelers Michigan TE Jerame Tuman
0%
2 60 San Diego Chargers Oklahoma RB Jermaine Fazande
0%
7 232 Miami Dolphins Butte DT Jermaine Haley
0%
5 147 Chicago Bears New Hampshire CB Jerry Azumah
0%
5 143 Chicago Bears Notre Dame OT Jerry Wisne
0%
1 16 Tennessee Titans Florida DE Jevon Kearse
0%
7 253 New York Giants Pennsylvania FB Jim Finn
0%
2 44 Minnesota Vikings North Dakota TE Jim Kleinsasser
0%
7 235 New York Jets Jamestown LB J.J. Syvrud
0%
4 101 St. Louis Rams Ohio State QB Joe Germaine
0%
4 116 Arizona Cardinals Nebraska FB Joel Mackovika
0%
2 49 New York Giants Ohio State RB Joe Montgomery
0%
7 244 Miami Dolphins BYU OT Joe Wong
0%
3 73 Pittsburgh Steelers Colorado State LB Joey Porter Sr.
0%
4 126 Atlanta Falcons Utah State SS Johndale Carty
0%
5 150 Tampa Bay Buccaneers California DE John McLaughlin
0%
2 51 Arizona Cardinals Florida LB Johnny Rutledge
0%
1 14 Kansas City Chiefs BYU OT John Tait
0%
2 52 Tennessee Titans West Virginia DT John Thornton
0%
4 97 Philadelphia Eagles California OT John Welbourn
0%
7 224 Oakland Raiders Miami (OH) SS JoJuan Armour
0%
2 37 Washington Redskins Michigan OT Jon Jansen
0%
4 133 Green Bay Packers Oregon PT Josh Bidwell
0%
6 197 New York Jets Illinois OC J.P. Machado
0%
7 238 Denver Broncos Kansas State TE Justin Swift
0%
4 119 Buffalo Bills North Carolina LB Keith Newman
0%
6 173 Cincinnati Bengals Oklahoma DT Kelly Gregg
0%
7 243 Dallas Cowboys Baylor OG Kelvin Garmon
0%
6 187 Cleveland Browns Maryland LB Kendall Ogle
0%
4 120 Minnesota Vikings Northwestern State CB Kenny Wright
0%
5 151 Tennessee Titans UC Davis QB Kevin Daft
0%
4 121 Jacksonville Jaguars West Virginia OT Kevin Landolt
0%
5 144 Chicago Bears Massachussets LB Khari Samuel
0%
7 234 San Francisco 49ers Notre Dame LB Kobe Minor
0%
3 74 Pittsburgh Steelers UCLA OT Kris Farris
0%
1 22 Seattle Seahawks Saginaw Valley State DE Lamar King
0%
6 195 Tampa Bay Buccaneers Florida State FB Lamarr Glen
0%
3 84 Kansas City Chiefs UCLA LB Larry Atkins
0%
4 108 Kansas City Chiefs USC WR Larry Parker
0%
2 61 Denver Broncos Duke OG Lennie Friedman
0%
6 176 St. Louis Rams Northeast Louisiana DE Lionel Barnes
0%
1 21 Arizona Cardinals Eastern Michigan OT L.J. Shelton
0%
1 19 New York Giants Notre Dame OT Luke Petitgout
0%
6 189 New York Giants San Jose State SS Lyle West
0%
7 207 Cleveland Browns Arkansas RB Madre Hall
0%
6 183 New York Jets Richmond LB Marc Megna
0%
6 174 Cleveland Browns Troy DT Marcus Spriggs
0%
6 180 New England Patriots Colorado FS Marcus Washington
0%
6 193 Dallas Cowboys Nebraska-Omaha WR MarTay Jenkins
0%
3 80 Tampa Bay Buccaneers Kansas State PK Martin Gramatica
0%
3 78 Chicago Bears Northeast Louisiana WR Marty Booker
0%
1 18 Oakland Raiders Georgia OT Matt Stinchcomb
0%
6 202 Arizona Cardinals Arkansas LB Melvin Bradley
0%
7 227 New England Patriots Kansas State QB Michael Bishop
0%
2 54 Kansas City Chiefs Boston College RB Mike Cloud
0%
7 229 Dallas Cowboys Arizona TE Mike Lucky
0%
3 87 Green Bay Packers Memphis CB Mike McKenzie
0%
2 36 Indianapolis Colts Florida LB Mike Peterson
0%
7 215 Detroit Lions North Carolina DE Mike Pringley
0%
5 149 New York Giants Notre Dame OT Mike Rosenthal
0%
2 38 Carolina Panthers Nebraska DE Mike Rucker
0%
2 58 Denver Broncos Texas Tech OG Montae Reagor
0%
4 107 Washington Redskins Georgia Tech LB Nate Stimson
0%
5 135 Cincinnati Bengals Miami (FL) FB Nick Luchey
0%
7 236 Minnesota Vikings Langston DT Noel Scarlett
0%
7 231 New York Giants Clemson LB O.J. Childress
0%
4 127 Denver Broncos Georgia RB Olandis Gary
0%
1 30 Atlanta Falcons Virginia DE Patrick Kearney
0%
4 96 Indianapolis Colts UCF CB Paul Miranda
0%
2 53 Buffalo Bills Tennessee WR Pearless Price
0%
4 132 Dallas Cowboys Fort Valley State DE Peppi Zellner
0%
7 222 Tennessee Titans Utah LB Phil Glover
0%
4 110 San Francisco 49ers Virginia Tech FS Pierson Prioleau
0%
2 45 Cleveland Browns Clemson LB Rahim Abdullah
0%
6 184 Chicago Bears USC FS Rashard Cook
0%
2 42 Atlanta Falcons Mississippi State TE Reggie Kelly
0%
1 24 San Francisco 49ers Florida DT Reggie McGrew
0%
5 141 San Diego Chargers McNeese State OG Reggie Nelson
0%
3 66 Chicago Bears Texas A&M OT Rex Tucker
0%
3 68 St. Louis Rams Texas A&M SS Rich Coady
0%
6 175 Carolina Panthers Northwestern State DE Robert Daniel
0%
7 226 Tampa Bay Buccaneers Virginia OG Robert Hunt
0%
2 43 Miami Dolphins Syracuse FB Rob Konrad
0%
5 153 Oakland Raiders East Carolina DT Roderick Coleman
0%
7 247 Atlanta Falcons Eastern Kentucky WR Rondel Menendez
0%
4 111 Chicago Bears Purdue LB Rosevelt Colvin
0%
7 225 New York Giants Arkansas DT Ryan Hale
0%
7 223 New York Jets Kansas State OT Ryan Young
0%
7 245 Cincinnati Bengals Miami (FL) QB Scott Covington
0%
6 203 Green Bay Packers Montana OT Scott Curry
0%
2 59 Pittsburgh Steelers Weber State SS Scott Shields
0%
4 112 New York Giants Northwestern RB Sean Bennett
0%
7 241 New England Patriots Brown WR Sean Morey
0%
4 103 Detroit Lions Michigan State WR Sedrick Irvin
0%
2 50 Tampa Bay Buccaneers Tulane QB Shaun King
0%
3 86 Buffalo Bills Tennessee FB Shawn Bryson
0%
7 230 Buffalo Bills Iowa TE Sheldon Jackson
0%
2 55 Dallas Cowboys West Virginia OG Solomon Page
0%
3 69 San Diego Chargers South Dakota State TE Steve Heiden
0%
7 221 Chicago Bears Middle Tennessee WR Sulecio Sanford
0%
6 171 San Francisco 49ers Michigan WR Taj Streets
0%
6 185 Minnesota Vikings Nevada-Las Vegas DT Talance Sawyer
0%
5 157 San Francisco 49ers Florida FB Terry Jackson
0%
7 217 Washington Redskins Oregon State WR Tim Alexander
0%
7 237 Atlanta Falcons LSU OC Todd McClure
0%
3 83 Arizona Cardinals Wisconsin DE Tom Burke
0%
7 211 Carolina Panthers James Madison FS Tony Booth
0%
2 40 Oakland Raiders Florida State DE Tony Bryant
0%
7 209 Cincinnati Bengals Washington OG Tony Coates
0%
3 91 New England Patriots Florida FS Tony George
0%
3 93 Denver Broncos Florida WR Travis McGriff
0%
1 13 Pittsburgh Steelers Louisiana Tech WR Troy Edwards
0%
5 137 Detroit Lions Northern Iowa SS Tyree Talton
0%
6 178 San Diego Chargers North Alabama CB Tyrone Bell
0%
5 161 San Francisco 49ers Eastern Kentucky OG Tyrone Hopson
0%
4 124 Cleveland Browns Virginia LB Wali Rainer
0%
4 106 Chicago Bears Texas A&M LB Warrick Holdman
0%
4 118 Dallas Cowboys Texas WR Wayne McGarity
0%
5 168 Arizona Cardinals Arizona OG Yusuf Scott
0%
3 81 Tennessee Titans Florida OG Zach Piller
0%
No matching quizzes found
Score Distribution
Percent of People with Each Score
Percentile by Number Answered
Your Score History
You have not taken this quiz